| 000 | 00412nam a2200169Ia 4500 | ||
|---|---|---|---|
| 008 | 230524s9999 xx 000 0 und d | ||
| 020 | _a8126131233 | ||
| 082 |
_a4.6 _bBHA |
||
| 100 | _aV.K.Bhalla | ||
| 245 | 0 | _aWorking Capital Management : Text & Cases | |
| 250 | _a8TH | ||
| 260 |
_aNEW DELHI _bAnmol Pub _c2007 |
||
| 300 | _aX;832 | ||
| 500 | _aQuantity Number: 8 | ||
| 650 | _aManagement | ||
| 942 | _cBK | ||
| 999 |
_c46566 _d46566 |
||